Crisis en la Fuerza Armada
Պահպանված է:
| Ձևաչափ: | Տեքստ |
|---|---|
| Խորագրեր: | |
| Ցուցիչներ: |
Ավելացրեք ցուցիչ
Չկան պիտակներ, Եղեք առաջինը, ով նշում է այս գրառումը!
|
MARC
| LEADER | 00000 a a2200000 04500 | ||
|---|---|---|---|
| 001 | 6264 | ||
| 003 | |||
| 040 | |||
| 245 | |a Crisis en la Fuerza Armada | ||
| 650 | |a ENCUESTAS DE OPINION PUBLICA | ||
| 650 | |a POBREZA | ||
| 650 | |a DELINCUENCIA | ||
| 650 | |a ELECCIONES | ||
| 773 | |g volumen 19, número 838; páginas 2-3 | ||
| 999 | |c 30709 |d 30709 | ||
